The collapse of globalism and the reinvention of the world / (Record no. 25221)
[ view plain ]
| 000 -LEADER | |
|---|---|
| fixed length control field | 01229 a2200253 4500 |
| 005 - DATE AND TIME OF LATEST TRANSACTION | |
| control field | 20090314112010.0 |
| 008 - FIXED-LENGTH DATA ELEMENTS--GENERAL INFORMATION | |
| fixed length control field | 090314t xxu||||| |||| 00| 0 eng d |
| 010 ## - LCCN (DPL NO) | |
| LC control number | B-280418-419 |
| 020 ## - INTERNATIONAL STANDARD BOOK NUMBER | |
| Terms of availability | 395.00 |
| International Standard Book Number | 0144000474 |
| 020 ## - INTERNATIONAL STANDARD BOOK NUMBER | |
| Terms of availability | 395.00 |
| International Standard Book Number | 9780144000470 |
| 035 ## - SYSTEM CONTROL NUMBER | |
| System control number | B-280418-419 |
| 037 ## - SOURCE OF ACQUISITION | |
| Source of stock number/acquisition | UBH |
| 040 ## - CATALOGING SOURCE | |
| Original cataloging agency | DPL |
| Language of cataloging | English |
| 082 ## - DEWEY DECIMAL CLASSIFICATION NUMBER | |
| Classification number | 320.12 |
| 100 ## - MAIN ENTRY--PERSONAL NAME | |
| Personal name | Saul, John Ralston |
| 245 ## - TITLE STATEMENT | |
| Title | The collapse of globalism and the reinvention of the world / |
| Statement of responsibility, etc | by John Ralston Saul |
| 260 ## - PUBLICATION, DISTRIBUTION, ETC. (IMPRINT) | |
| Place of publication, distribution, etc | New Delhi |
| Name of publisher, distributor, etc | Penguin Books India |
| Date of publication, distribution, etc | 2005 |
| 270 ## - ADDRESS | |
| City | New Delhi |
| Address | 11 Community Centre, Panchsheel Park, New Delhi |
| Postal code | 110017 |
| 300 ## - PHYSICAL DESCRIPTION | |
| Extent | 308p |
| Dimensions | 23cm(pbk) |
| 942 ## - ADDED ENTRY ELEMENTS (KOHA) | |
| Institution code [OBSOLETE] | dpl |
| Item type | English Books |
| Source of classification or shelving scheme | Dewey Decimal Classification |
| Classification part | 320.12 |
| Call number suffix | SAU |
| Withdrawn status | Lost status | Source of classification or shelving scheme | Damaged status | Not for loan | Collection code | Home library | Current library | Date acquired | Source of acquisition | Cost, normal purchase price | Total Checkouts | Full call number | Barcode | Date last seen | Copy number | Cost, replacement price | Koha item type |
|---|---|---|---|---|---|---|---|---|---|---|---|---|---|---|---|---|---|
| Dewey Decimal Classification | Non-fiction | R.K.Puram-8 | R.K.Puram-8 | 14/03/2009 | UBH/078/23.6.08/124/30.10.07/11.7.08 | 395.00 | 320.12 SAU | B-280419 | 14/03/2009 | 1 | 395.00 | English Books | |||||
| Dewey Decimal Classification | Non-fiction | Sarojini Nagar | Sarojini Nagar | 14/03/2009 | UBH/078/23.6.08/124/30.10.07/11.7.08 | 395.00 | 14 | 320.12 SAU | B-280418 | 02/02/2015 | 1 | 395.00 | English Books |
